Szczegóły MARC21

Die Räuber : ein Schauspiel /

003 -Nazwa inst., której nr kontr. jest w polu 001 [,]
    • @
    • Nazwa instytucji, której n kontrolny jest w polu 001
    • NUKAT
005 -DATA I CZAS OSTATNIEJ MODYFIKACJI [,]
    • @
    • pole kontrolne
    • 20241231104820.0
020 -Międzynarod. znormalizowany nr książki - ISBN [ , ]
    • a
    • Numer ISBN
    • 3150000157 Find
040 -Instytucja sporządzająca opis [ , ]
    • a
    • Instytucja, która sporządziła opis (NP)
    • GD U/MS
    • c
    • Instytucja, która sporządziła rekord (NP)
    • GD U/MS
    • d
    • Instytucja, która zmodyfikowała rekord (P)
    • KIEL 010/JRs
942 -Rodzaj dokumentu [ , ]
    • c
    • Rodzaj dokumentu
    • Książka
100 -Hasło główne - nazwa osobowa [1, ]
    • a
    • Nazwa osobowa (NP)
    • Schiller, Friedrich
    • d
    • Daty biograficzne (NP)
    • (1759-1805).
    • 9
    • KHW
    • 16980
240 -Tytuł ujednolicony [1,0]
    • a
    • Tytuł ujednolicony
    • Räuber
    • l
    • Język tekstu
    • (niem.)
    • 9
    • KHW
    • 444403
245 -Strefa tytułu i oznaczenia odpowiedzialności [1,4]
    • a
    • Tytuł
    • Die Räuber : Find
    • b
    • Ciąg dalszy tytułu (NP)
    • ein Schauspiel / Find
    • c
    • Pozostałe elementy strefy tytułu i oznaczenia odpowiedzialności (NP)
    • Friedrich Schiller ; Anm. von Christian Grawe.
250 -Strefa wydania [ , ]
    • a
    • Oznaczenie wydania (NP)
    • Um Anm.erg. Ausg.
260 -Strefa adresu wydawniczego [ , ]
    • a
    • Miejsce wydania (P)
    • Stuttgart :
    • b
    • Nazwa wydawcy (P)
    • Philipp Reclam jun.,
    • c
    • Data wydania (P)
    • dr. 1992.
300 -Strefa opisu fizycznego [ , ]
    • a
    • Określenie formy książki i/lub objętość (NP)
    • 168 s. :
    • b
    • Oznaczenie ilustracji (NP)
    • il. ;
    • c
    • Format (NP)
    • 15 cm.
336 -Typ zawartości [ , ]
    • a
    • Termin opisujący typ zawartości
    • Tekst
    • b
    • Kod określający zawartość
    • txt
    • 2
    • Źródło (terminu i kodu)
    • rdacontent
337 -Typ mediów [ , ]
    • a
    • Tryb odtwarzania
    • Bez urządzenia pośredniczącego
    • b
    • Kod typu mediów
    • n
    • 2
    • Źródło (terminu i kodu)
    • rdamedia
338 -Typ/rodzaj nośnika [ , ]
    • a
    • Hasło opisujące typ nośnika
    • Wolumin
    • b
    • Kod typu nośnika
    • nc
    • 2
    • Źródło (terminu i kodu)
    • rdacarrier
490 -Strefa serii i książki wielotomowej - forma nie do wyszukiwania [1, ]
    • a
    • Tytuł (P)
    • Universal-Bibliothek ; Find
    • v
    • Numeracja (P)
    • Nr. 15
830 -Hasło dodatkowe serii i opisu książki wielotomowej - tytuł ujednolicony/tytuł [ ,0]
    • a
    • Tytuł ujednolicony/tytuł (NP)
    • Reclams Universal-Bibliothek
    • x
    • ISSN
    • 0722-8511
    • v
    • Oznaczenie tomu (NP)
    • Nr. 15
    • 9
    • KHW
    • 12680
080 -Uniwersalna Klasyfikacja Dziesiętna [ , ]
    • a
    • Symbol klasyfikacji
    • 830-2=30
655 -Hasło w funkcji tematu formalnego [ ,7]
    • a
    • Hasło
    • Dramat niemiecki
    • y
    • Określnik chronologiczny
    • 18 w.
    • 2
    • Źródło terminu
    • kaba
    • 9
    • KHW
    • 401791
980 -Symbol UKD [ , ]
    • a
    • UKD
    • 830-2=30
700 -Hasło dodatkowe - nazwa osobowa [1, ]
    • a
    • Nazwa osobowa (NP)
    • Grawe, Christian. Find
    • e
    • Określenie rodzaju współpracy
    • Oprac.
    • 9
    • KHW
    • 482460
920 -ISBN [ , ]
    • a
    • ISBN
    • 3-15-000015-7 Find
Status udost. Numer inwentarzowy Lokalizacja Data inwentaryzacji Sygnatura
-3G.9513BM1994-01-18Germ. Dramat niemiecki
-3G.9514BM1994-01-18Germ. Dramat niemiecki
-3G.9505BM1994-01-18Germ. Dramat niemiecki
-3G.9506BM1994-01-18Germ. Dramat niemiecki
-3G.9507BM1994-01-18Germ. Dramat niemiecki
-3G.9508BM1994-01-18Germ. Dramat niemiecki
-3G.9509BM1994-01-18Germ. Dramat niemiecki
-3G.9510BM1994-01-18Germ. Dramat niemiecki
-3G.9511BM1994-01-18Germ. Dramat niemiecki
-3G.9512BM1994-01-18Germ. Dramat niemiecki
1G.13402BM1998-08-26